|
|
|
|
| LEADER |
00000nam0a2200000 4500 |
| 001 |
181358 |
| 005 |
20231101223619.0 |
| 010 |
|
|
|a 9785769210730
|
| 035 |
|
|
|a (RuTPU)RU\TPU\book\196595
|
| 090 |
|
|
|a 181358
|
| 100 |
|
|
|a 20100607d2009 km y0rusy50 ca
|
| 101 |
0 |
|
|a rus
|
| 102 |
|
|
|a RU
|
| 105 |
|
|
|a y z 001zy
|
| 200 |
1 |
|
|a Безопасное управление вентиляцией очистных выработок рудных шахт
|f В. А. Зеленецкий
|g Новосибирский государственный технический университет (НГТУ) ; Международная академия наук экологии и безопасности жизнедеятельности (МАНЭБ)
|
| 210 |
|
|
|a Новосибирск
|c Изд-во СО РАН
|d 2009
|
| 215 |
|
|
|a 95 с.
|
| 320 |
|
|
|a Библиогр.: с. 84-86.
|
| 330 |
|
|
|a Рассмотрены элементы теории критериев безопасного управления вентиляционными системами в днищах очистных блоков с помощью положительного и отрицательного регулирования. Представлены способы расчета равномерного воздухораспределения по погрузочным ортам (устранение топологического эффекта). Книга предназначена для специалистов научно-исследовательских и проектно-конструкторских институтов и может быть полезна студентам и аспирантам при решении задач охраны труда на горнорудных предприятиях.
|
| 606 |
1 |
|
|a Рудничная вентиляция
|2 stltpush
|3 (RuTPU)RU\TPU\subj\25510
|9 49650
|
| 610 |
1 |
|
|a рудные шахты
|
| 610 |
1 |
|
|a очистные выработки
|
| 610 |
1 |
|
|a тяга
|
| 610 |
1 |
|
|a источники
|
| 610 |
1 |
|
|a безопасное управление
|
| 610 |
1 |
|
|a автоматизированные системы
|
| 610 |
1 |
|
|a погрузочные орты
|
| 610 |
1 |
|
|a усложненная топология
|
| 610 |
1 |
|
|a топологически простые системы
|
| 610 |
1 |
|
|a топологически сложные системы
|
| 610 |
1 |
|
|a вентиляционные выработки
|
| 610 |
1 |
|
|a сопротивление
|
| 610 |
1 |
|
|a регулирование
|
| 610 |
1 |
|
|a отрицательное регулирование
|
| 610 |
1 |
|
|a горнорудные предприятия
|
| 610 |
1 |
|
|a охрана труда
|
| 610 |
1 |
|
|a безопасность
|
| 675 |
|
|
|a 622.42/.46
|v 3
|
| 700 |
|
1 |
|a Зеленецкий
|b В. А.
|g Василий Анатольевич
|
| 712 |
0 |
2 |
|a Новосибирский государственный технический университет (НГТУ)
|c (1992- )
|2 stltpush
|3 (RuTPU)RU\TPU\col\36
|
| 712 |
0 |
2 |
|a Международная академия наук экологии и безопасности жизнедеятельности (МАНЭБ)
|c (Санкт-Петербург)
|2 stltpush
|3 (RuTPU)RU\TPU\col\822
|
| 801 |
|
1 |
|a RU
|b 63413507
|c 20100607
|
| 801 |
|
2 |
|a RU
|b 63413507
|c 20210609
|g RCR
|
| 942 |
|
|
|c BK
|
| 959 |
|
|
|a 39/20100607
|d 2
|e 143,00
|f АНЛ:1
|f ЧЗТЛ:1
|